000 00827 a2200301 4500
999 _c10618
_d10618
020 _a9781784743321
020 _a1784743321
020 _a9781784743314
020 _a1784743313
050 0 0 _aPR6070.TRE2020
100 1 _aTremain, Rose,
_eauthor.
245 1 0 _aIslands of mercy /
_cRose Tremain.
264 1 _aLondon :
_bChatto & Windus,
_c2020.
300 _a356 pages ;
336 _atext
_2rdacontent
337 _aunmediated
_2rdamedia
338 _avolume
_2rdacarrier
500 _aIncludes index
650 0 _aYoung women
650 0 _aLesbians
650 0 _aMen
650 0 _aMan-woman relationships
650 0 _aIslands
651 0 _aBath (England)
942 _2lcc
_cBK
_h6070
_iTRE
_kPR